01266nam a2200313 a 4500001001200000003000800012006001900020007001500039008004100054010001700095020002800112040002100140035002100161043001200182050002400194082001700218100002100235245010500256260004800361300002300409504006400432533015200496650005100648650006400699655002900763710001700792856012600809999001700935ebr10085411CaPaEBRm u cr cn|||||||||971203s1999 nyua sb 001 0 eng  z 97050571  z0195118510 (alk. paper) aCaPaEBRcCaPaEBR a(OCoLC)559852939 an-us---14aHV5760b.T38 1999eb04a362.29/62211 aTate, Cassandra.10aCigarette warsh[electronic resource] :bthe triumph of "the little white slaver" /cCassandra Tate. aNew York :bOxford University Press,c1999. avi, 204 p. :bill. aIncludes bibliographical references (p. 162-197) and index. aElectronic reproduction.bPalo Alto, Calif. :cebrary,d2013.nAvailable via World Wide Web.nAccess may be limited to ebrary affiliated libraries. 0aSmokingzUnited StatesxHistoryy20th century. 0aAntismoking movementzUnited StatesxHistoryy20th century. 7aElectronic books.2local2 aebrary, Inc.40uhttp://site.ebrary.com/lib/rucke/Doc?id=10085411zAn electronic book accessible through the World Wide Web; click to view c49619d49619